00553cam a22001697a 4500008004000000020001800040082001500058100001800073245004500091260002400136300001000160650003900170650004500209650002400254999001900278952008600297180718b2015 xxu||||| |||| 00| 0 eng d a9789351281573 aX8x54 P166 aPais, Richard aSociology of sanitationcby Richard Pais aDelhibKalpazc2015 a296p. aUrban ecology (Sociology) -- India aSanitation -- Political aspects -- India aSanitation -- India c445968d445968 00104070aIIPAbIIPAd2017-11-02oX8x54 P166p87329r2018-07-21w2018-07-21yBK